Objective-C for iPhone developers a beginner's guide
Create your own iPhone and Mac OS X applications with ease. Objective-C for iPhone Developers: A Beginner's Guide shows you how to use the Objective-C programming language, Apple's Foundation framework, the iPhone SDK, and the Xcode development environment. The first stop for aspiring iPho...
Shranjeno v:
| Glavni avtor: | |
|---|---|
| Drugi avtorji: | |
| Jezik: | Undetermined English |
| Izdano: |
New York
McGraw-Hill
|
| Teme: | |
| Oznake: |
Označite
Brez oznak, prvi označite!
|
| Thư viện lưu trữ: | Trung tâm Học liệu Trường Đại học Trà Vinh |
|---|
| LEADER | 01347nam a2200265Ia 4500 | ||
|---|---|---|---|
| 001 | TVU_20009 | ||
| 008 | 210423s9999 xx 000 0 und d | ||
| 020 | |a 0071703284 | ||
| 020 | |a 9780071703284 | ||
| 041 | |a eng | ||
| 082 | |a 5.117 | ||
| 082 | |b B107 | ||
| 100 | |a Brannan, James A. | ||
| 245 | 0 | |a Objective-C for iPhone developers | |
| 245 | 2 | |b a beginner's guide | |
| 245 | 0 | |c James A. Brannan | |
| 260 | |a New York | ||
| 260 | |b McGraw-Hill | ||
| 300 | |a xviii, 365 p. | ||
| 300 | |b ill. | ||
| 300 | |c 23 cm | ||
| 520 | |a Create your own iPhone and Mac OS X applications with ease. Objective-C for iPhone Developers: A Beginner's Guide shows you how to use the Objective-C programming language, Apple's Foundation framework, the iPhone SDK, and the Xcode development environment. The first stop for aspiring iPhone developers, this hands-on guide teaches you how to create versatile, innovative, and marketable apps in no time. Real-world examples throughout the book correspond with downloadable Xcode projects and video tutorials so you can get started with your first app right away | ||
| 650 | |a Objective-C (Computer program language); Object-oriented programming (Computer science); Mobile computing; Application software; Mobile computing | ||
| 700 | |a James A. Brannan | ||
| 980 | |a Trung tâm Học liệu Trường Đại học Trà Vinh | ||


